000 00620cam a22002052 4500
001 0000024867
005 20151217155237.0
008 140320s xx 000 0 eng d
020 _a1259072550 :
040 _aKABU
_cKABU
100 1 _aFeldman, Robert S.
_q(Robert Stephen),
_d1947-.
_@0000083710
245 1 0 _aPsychology and your life /
_cRobert S. Feldman.
250 _a2nd ed.
260 _aNew York :
_bMcGraw-Hill,
_c2013.
300 _axlvii, 621 p.
650 0 _aPsychology
_vTextbooks.
_@0000148056
852 1 _9p3940 KES
908 _a140320
950 _@1
999 _c12247
_d12247